|
|
|
|
| LEADER |
01850nkm a2200469 a 4500 |
| 001 |
mzk03001055098 |
| 003 |
CZ BrMZK |
| 005 |
20110218150632.0 |
| 007 |
kj bo| |
| 008 |
070920q16951710gw ||| f || k|gerod |
| 034 |
0 |
|
|a a
|d E0112600
|e E0112600
|f N0481600
|g N0481600
|
| 040 |
|
|
|a BOA001
|b cze
|
| 043 |
|
|
|a e-gx---
|
| 072 |
|
7 |
|a 72
|x Architektura
|2 Konspekt
|9 21
|
| 072 |
|
7 |
|a 76
|x Grafické umění. Grafika
|2 Konspekt
|9 21
|
| 080 |
|
|
|a (0.026.6)76
|2 MRF
|
| 080 |
|
|
|a (430.129)
|2 MRF
|
| 080 |
|
|
|a 721:904
|2 MRF
|
| 080 |
|
|
|a 912.43:069.5
|2 MRF
|
| 100 |
1 |
|
|a Wening, Michael,
|d 1645-1718
|7 mzk2009533425
|4 aut
|
| 245 |
1 |
4 |
|a Daß Churfürstliche Residentz Schloß zu Dachau
|h [grafika] /
|c Michaek Wening Del. et Sculps.
|
| 255 |
|
|
|a Měřítko neuvedeno
|c (011°26´00" v.d.--011°26´00" v.d./048°16´00" s.š.--048°16´00" s.š.)
|
| 260 |
|
|
|a [München :
|b s.n.,
|c mezi 1695 a 1710]
|
| 300 |
|
|
|a 1 grafický list :
|b mědirytina, podlepená papírem ;
|c 25 x 35 cm na listu 29 x 38,5 cm
|
| 500 |
|
|
|a Podlepeno papírem o velikosti 56,5 x 66 cm
|
| 500 |
|
|
|a Výzdoba: V pravém horním rohu ozdobná nápisová kartuše
|
| 510 |
4 |
|
|a Kuchař, K. Mapová sbírka B.P. Molla,
|c s. 364
|
| 655 |
|
7 |
|a grafické listy
|7 fd132404
|2 czenas
|
| 650 |
0 |
7 |
|a historické budovy
|7 ph120726
|2 czenas
|
| 650 |
0 |
4 |
|a Mollova mapová sbírka
|
| 650 |
0 |
7 |
|a mapové sbírky
|z Česko
|7 ph182407
|2 czenas
|
| 610 |
2 |
7 |
|a Moravská zemská knihovna (Brno, Česko).
|b Mapová sbírka B.P. Molla
|7 mzk2005304487
|2 czenas
|
| 651 |
|
7 |
|a Bavorsko (Německo)
|7 ge128725
|2 czenas
|
| 856 |
4 |
1 |
|u http://mapy.mzk.cz/mzk03/001/055/098/2619321100
|y Digitalizovaný dokument
|
| 903 |
|
|
|a RP
|
| 910 |
|
|
|a BOA001
|b Moll-0003.796
|
| 978 |
|
|
|b S.n.
|a München
|c 1695-1710
|
| 984 |
|
|
|a Mnichov
|b Německo
|
| 985 |
|
|
|a 1651-1700
|
| 985 |
|
|
|a 1701-1750
|
| 990 |
|
|
|a GP
|
| 991 |
|
|
|k mzk
|